00346nam a22001457a 4500003000700000005001700007008004100024082001500065100001700080245002800097250001100125260003100136300000800167650002500175MPLRDC20220104143224.0210129b ||||| |||| 00| 0 eng d a802.29 YW  a伊文编著 a怎样教孩子写字c a初版 ab香港宏业书局c1968 b平 a中国文字--字体